| 000 | 00369nam a22001577a 4500 | ||
|---|---|---|---|
| 020 | _a8170296145 | ||
| 082 | _a794.4 BAY | ||
| 100 | _aBayross, Ivan | ||
| 245 | _aPower builder: Concepts and applications | ||
| 250 | _a2nd | ||
| 260 |
_aNew Delhi _bBPB Publications _c1995 |
||
| 300 | _ax, 279 p. | ||
| 500 | _aIncludes index | ||
| 650 | _aPower builder | ||
| 942 | _cBK | ||
| 999 |
_c13611 _d13611 |
||